| Tag |
First Indicator |
Second Indicator |
Subfields |
| LEADER |
00000pam a2200000 a 4500 |
| 001 |
in00000529913 |
| 005 |
20151014050617.0 |
| 008 |
840507s1984 nyu b 00110 eng |
| 010 |
|
|
|a 84010174
|
| 020 |
|
|
|a 039608401X
|
| 035 |
|
|
|a (OCoLC)10849756
|
| 035 |
|
|
|9 ACH9169AM
|
| 039 |
0 |
|
|a 2
|b 3
|c 3
|d 3
|e 3
|
| 040 |
|
|
|a DLC
|c DLC
|d TXA
|d UtOrBLW
|
| 043 |
|
|
|a n-us---
|
| 049 |
|
|
|a TXAM
|c [937640]
|
| 050 |
0 |
0 |
|a PN4888.T4
|b M33 1984
|
| 082 |
0 |
|
|a 791.45/72
|2 19
|
| 100 |
1 |
|
|a Madsen, Axel.
|
| 245 |
1 |
0 |
|a 60 minutes :
|b the power & the politics of America's most popular TV news show /
|c Axel Madsen.
|
| 250 |
|
|
|a 1st ed.
|
| 264 |
|
1 |
|a New York :
|b Dodd, Mead,
|c [1984]
|
| 264 |
|
4 |
|c ©1984
|
| 300 |
|
|
|a xvii, 255 pages ;
|c 24 cm.
|
| 336 |
|
|
|a text
|b txt
|2 rdacontent
|
| 337 |
|
|
|a unmediated
|b n
|2 rdamedia
|
| 338 |
|
|
|a volume
|b nc
|2 rdacarrier
|
| 500 |
|
|
|a Includes index.
|
| 504 |
|
|
|a Bibliography: pages 245-247.
|
| 630 |
0 |
0 |
|a 60 minutes (Television program)
|
| 650 |
|
0 |
|a Television broadcasting of news
|z United States.
|
| 740 |
0 |
|
|a Sixty minutes.
|
| 999 |
|
|
|a MARS
|
| 999 |
f |
f |
|s 1aa80db3-8ca6-3da9-9441-28e426727ad1
|i 1b5e4a69-5d58-3f88-a7e5-967cf4d192af
|t 0
|
| 952 |
f |
f |
|p ric
|a Texas A&M University
|b Rellis Campus
|c Joint Library Facility
|d Remote Storage
|t 0
|e PN4888.T4 M33 1984
|h Library of Congress classification
|i unmediated -- volume
|m A14808227768
|
| 998 |
f |
f |
|a PN4888.T4 M33 1984
|t 0
|l Remote Storage
|